000 00277nam a22001217a 4500
999 _c163125
_d163125
082 _a
_b
100 _aRalhan O P
245 _aJawaharlal Nehru and national affairs/
_cby Raihan O P.
260 _aNew Delhi:
_bAnmol,
_c1993.
300 _a427p.
650 _a
942 _cBK